000 00955nam a2200229Ia 4500
001 2627
003 GE_BSU
008 181216s||||||||xx |||||||||||||| ||und||
040 _cGE_BSU
080 _a37(479.22)
100 _aხინთიბიძე, ანტ.
245 _aქართული და ხალხური მეცნიერული პედაგოგიკის ურთიერთობის საკითხები.
245 _b(XiXსაუკუნე).(ძირითადი მომენტები)
245 _c[ რედ ჯ. ბარდაველიძე]
260 _aთბილისი
260 _bგანათლება
260 _c1986
300 _a197 გვ.
541 _h6 ლ.
653 _aქართული და ხალხური პედაგოგიკის ურთიერთობის საკითხები.
942 _cBK
999 _c36698
_d36698